[Event "HUN Youth Ch U16 Boys Final"]
[Site "?"]
[Date "2013.06.26"]
[Round "6.3"]
[White "Zsirai, Peter"]
[Black "Nemeti, Kornel"]
[Result "1-0"]
[WhiteElo "2199"]
[BlackElo "1997"]
[PlyCount "119"]
[EventDate "2013.??.??"]

1. e4 c5 2. Nf3 Nc6 3. d4 cxd4 4. Nxd4 Nf6 5. Nc3 e5 6. Ndb5 d6 7. Bg5 a6 8.
Na3 b5 9. Bxf6 gxf6 10. Nd5 f5 11. c3 Bg7 12. exf5 Bxf5 13. Nc2 O-O 14. Nce3
Be6 15. g3 Ne7 16. Bg2 Rb8 17. O-O Nxd5 18. Bxd5 Qe7 19. Qb3 Bh6 20. Rfe1 Rbc8
21. Rad1 Bxe3 22. Rxe3 Rfd8 23. Red3 Bxd5 24. Qxd5 Kg7 25. b3 Rc7 26. h4 Rcd7
27. Qc6 Rc7 28. Qxa6 Ra7 29. Qb6 Rxa2 30. Rxd6 Rxd6 31. Qxd6 Qxd6 32. Rxd6 Ra3
33. b4 Rxc3 34. Rd5 Kf6 35. Rxb5 e4 36. Kf1 Rc2 37. Rc5 Rb2 38. b5 Kg7 39. Ke1
h6 40. g4 Kh7 41. Kf1 Kg7 42. Rf5 Kg6 43. Ke1 Kg7 44. Re5 Kf6 45. Rh5 Kg6 46.
Kf1 Kg7 47. Rc5 Kh7 48. Rc7 Rxb5 49. Rxf7+ Kg6 50. Re7 Rb4 51. Re6+ Kg7 52. h5
Ra4 53. Ke2 Rb4 54. Ke3 Ra4 55. Rxe4 Ra7 56. Re6 Rb7 57. Rg6+ Kh7 58. f4 Ra7
59. f5 Rb7 60. f6 1-0

[Event "HUN Youth Ch U16 Boys Final"]
[Site "?"]
[Date "2013.06.26"]
[Round "6.4"]
[White "Csati, Oliver"]
[Black "Csonka, Balazs"]
[Result "0-1"]
[WhiteElo "2016"]
[BlackElo "2354"]
[PlyCount "64"]
[EventDate "2013.??.??"]

1. e4 c5 2. Nf3 Nc6 3. c4 e5 4. Nc3 g6 5. d3 d6 6. g3 Bg7 7. Bg2 Nge7 8. O-O
O-O 9. Ne1 a6 10. a4 Bd7 11. Bd2 Nb4 12. Nd5 Nbxd5 13. exd5 f5 14. f3 a5 15.
Qc1 f4 16. g4 h5 17. h3 g5 18. Kf2 Ng6 19. Bc3 Nh4 20. Rh1 Qe8 21. b3 Qg6 22.
Qd2 Rae8 23. Rc1 b6 24. Rf1 hxg4 25. hxg4 Rf7 26. Bh3 Bf6 27. Ke2 Rh7 28. Kd1
Kf7 29. Qe2 Reh8 30. Rh1 Rh6 31. Kd2 Nxf3+ 32. Qxf3 Qh7 0-1

[Event "HUN Youth Ch U16 Boys Final"]
[Site "?"]
[Date "2013.06.26"]
[Round "6.5"]
[White "Dankhazi, Andras"]
[Black "Laza, Szabolcs"]
[Result "1-0"]
[WhiteElo "2186"]
[BlackElo "1968"]
[PlyCount "87"]
[EventDate "2013.??.??"]

1. d4 d5 2. c4 c6 3. Nc3 Nf6 4. Nf3 e6 5. g3 Nbd7 6. Bg2 Be7 7. O-O dxc4 8. e4
O-O 9. a4 Qa5 10. Bd2 Bb4 11. Qe2 e5 12. dxe5 Nxe5 13. Nxe5 Qxe5 14. Qxc4 a5
15. Qe2 Qh5 16. f3 b5 17. axb5 cxb5 18. e5 Nd7 19. f4 Qxe2 20. Nxe2 Rb8 21.
Bxb4 axb4 22. Nd4 g6 23. Nc6 Rb6 24. Rfd1 Kg7 25. Nxb4 Nc5 26. Rac1 Nb3 27. Rc3
Na5 28. Ra1 Nc4 29. b3 Nd2 30. Rd3 Nxb3 31. Rxb3 Be6 32. Bd5 Rc8 33. Bxe6 Rxe6
34. Nd3 Rb6 35. Rab1 Rc2 36. Rxb5 Re6 37. R1b2 Rc3 38. R5b3 Rc4 39. Kf2 Re8 40.
Ke3 Rd8 41. Nf2 Rc1 42. Ne4 Rdd1 43. Rb7 Re1+ 44. Re2 1-0

[Event "HUN Youth Ch U16 Boys Final"]
[Site "?"]
[Date "2013.06.27"]
[Round "7.1"]
[White "Laza, Szabolcs"]
[Black "Juhasz, Armin"]
[Result "0-1"]
[WhiteElo "1968"]
[BlackElo "2214"]
[PlyCount "106"]
[EventDate "2013.??.??"]

1. d4 Nf6 2. c4 g6 3. Nc3 Bg7 4. e4 d6 5. f3 O-O 6. Bg5 c5 7. d5 e6 8. Qd2 exd5
9. cxd5 h6 10. Be3 h5 11. Bd3 Nbd7 12. Nh3 Ne5 13. Nf2 Nxd3+ 14. Nxd3 a6 15. a4
Nd7 16. Bh6 Bxh6 17. Qxh6 Qf6 18. O-O Qd4+ 19. Nf2 Rb8 20. Rfd1 Qg7 21. Qxg7+
Kxg7 22. a5 b6 23. Rd2 Ne5 24. Re2 bxa5 25. Rxa5 Nc4 26. Ra2 Rb3 27. Nfd1 Re8
28. h3 f5 29. exf5 Rxe2 30. Nxe2 gxf5 31. Nec3 Kf6 32. f4 Bb7 33. Kf2 h4 34. g3
hxg3+ 35. Kxg3 Nb6 36. Ne3 Nxd5 37. Nexd5+ Bxd5 38. Rxa6 Ke6 39. h4 Rxb2 40.
Nxd5 Rb3+ 41. Kg2 Kxd5 42. h5 Rb7 43. Kh3 c4 44. Ra8 Rc7 45. Kh4 c3 46. Ra1 c2
47. Rc1 Ke4 48. Kg5 d5 49. Re1+ Kf3 50. Rc1 d4 51. Kxf5 d3 52. h6 d2 53. Rxc2
Rxc2 0-1

[Event "HUN Youth Ch U16 Boys Final"]
[Site "?"]
[Date "2013.06.27"]
[Round "7.2"]
[White "Csonka, Balazs"]
[Black "Dankhazi, Andras"]
[Result "1/2-1/2"]
[WhiteElo "2354"]
[BlackElo "2186"]
[PlyCount "56"]
[EventDate "2013.??.??"]

1. e4 e5 2. Nf3 Nc6 3. Bb5 a6 4. Ba4 Nf6 5. O-O Be7 6. d3 b5 7. Bb3 d6 8. a3
O-O 9. Nc3 Be6 10. Nd5 Qd7 11. Bg5 Bxd5 12. exd5 Na5 13. Ba2 c5 14. dxc6 Nxc6
15. Re1 h6 16. Bh4 Rfe8 17. c3 Nh7 18. Bg3 Ng5 19. d4 Nxf3+ 20. Qxf3 Bf6 21.
dxe5 dxe5 22. Rad1 Qc7 23. Bd5 Rac8 24. Be4 Ne7 25. Rd3 Rcd8 26. Red1 Rxd3 27.
Qxd3 Nc8 28. Qe2 Nb6 1/2-1/2

[Event "HUN Youth Ch U16 Boys Final"]
[Site "?"]
[Date "2013.06.27"]
[Round "7.3"]
[White "Nemeti, Kornel"]
[Black "Csati, Oliver"]
[Result "1-0"]
[WhiteElo "1997"]
[BlackElo "2016"]
[PlyCount "100"]
[EventDate "2013.??.??"]

1. e4 g6 2. d4 Bg7 3. Nf3 d5 4. exd5 Qxd5 5. c4 Qd8 6. Nc3 Nc6 7. d5 Ne5 8.
Nxe5 Bxe5 9. Bd3 Bg7 10. Bf4 a6 11. O-O e5 12. Re1 f6 13. Bg3 Ne7 14. f4 exf4
15. Bxf4 O-O 16. Qb3 Kh8 17. h3 b6 18. Rad1 Bf5 19. Ne2 Bxd3 20. Qxd3 Nf5 21.
g4 Nd6 22. Nd4 Qd7 23. Ne6 Rf7 24. b3 f5 25. g5 Kg8 26. h4 Re7 27. Re2 Rc8 28.
Rh2 Ne4 29. Qf3 c6 30. Nxg7 Kxg7 31. h5 Qe8 32. hxg6 hxg6 33. Qh3 Qg8 34. Qh6+
Kf7 35. Qh7+ Kf8 36. Qh6+ Kf7 37. d6 Re6 38. Qh7+ Qxh7 39. Rxh7+ Kg8 40. d7 Rd8
41. Bc7 Kxh7 42. Bxd8 Nc5 43. Bxb6 Nxd7 44. Rxd7+ Kg8 45. Bd4 Re4 46. Bf6 Re2
47. a4 Re3 48. Rb7 c5 49. Rb6 a5 50. Rb5 Rg3+ 1-0

[Event "HUN Youth Ch U16 Boys Final"]
[Site "?"]
[Date "2013.06.27"]
[Round "7.4"]
[White "Nagybiro, Laszlo"]
[Black "Zsirai, Peter"]
[Result "1-0"]
[WhiteElo "1841"]
[BlackElo "2199"]
[PlyCount "67"]
[EventDate "2013.??.??"]

1. d4 d6 2. c4 e5 3. dxe5 dxe5 4. Qxd8+ Kxd8 5. Nf3 f6 6. Nc3 Be6 7. e3 c6 8.
Be2 Nd7 9. O-O a5 10. b3 Bb4 11. Bb2 Nh6 12. a3 Bxc3 13. Bxc3 Kc7 14. Nd2 Nf7
15. f4 exf4 16. exf4 Nd6 17. Rac1 h5 18. Bd4 Rad8 19. Bf2 Bg4 20. Bf3 Nf8 21.
Bc5 Ne6 22. Bxd6+ Rxd6 23. Bxg4 hxg4 24. Ne4 Rd3 25. Rb1 b6 26. Nf2 Rd4 27.
Nxg4 Nxf4 28. Rbe1 g5 29. h3 f5 30. Nf2 Rd2 31. Re7+ Kd6 32. Rfe1 g4 33. hxg4
fxg4 34. Ne4+ 1-0

[Event "HUN Youth Ch U16 Boys Final"]
[Site "?"]
[Date "2013.06.27"]
[Round "7.5"]
[White "Kiss, Peter"]
[Black "Grimm, Gyorgy"]
[Result "1/2-1/2"]
[WhiteElo "2018"]
[BlackElo "2009"]
[PlyCount "41"]
[EventDate "2013.??.??"]

1. c4 e5 2. Nc3 Nf6 3. Nf3 Nc6 4. a3 a6 5. e3 Bc5 6. b4 Bd6 7. d4 exd4 8. exd4
O-O 9. Bd3 Re8+ 10. Ne2 Bf8 11. d5 Ne5 12. Nxe5 Rxe5 13. Bb2 Re8 14. O-O d6 15.
Ng3 g6 16. f4 Ng4 17. f5 Ne5 18. fxg6 fxg6 19. Nh5 Bg4 20. Bxe5 Bxh5 21. Bf6
1/2-1/2

[Event "HUN Youth Ch U16 Boys Final"]
[Site "?"]
[Date "2013.06.28"]
[Round "8.1"]
[White "Juhasz, Armin"]
[Black "Grimm, Gyorgy"]
[Result "1-0"]
[WhiteElo "2214"]
[BlackElo "2009"]
[PlyCount "51"]
[EventDate "2013.??.??"]

1. c4 Nf6 2. Nc3 c6 3. e4 d5 4. e5 d4 5. exf6 dxc3 6. bxc3 exf6 7. d4 Be7 8.
Bd3 O-O 9. Ne2 Re8 10. O-O f5 11. Re1 g6 12. Nf4 Na6 13. c5 Nc7 14. Bc4 Bf6 15.
Rxe8+ Qxe8 16. Rb1 Qe7 17. Bd2 Kg7 18. Qb3 Qf8 19. Re1 Rb8 20. Qa4 Ra8 21. Qd1
b6 22. Qf3 Bb7 23. Nh5+ gxh5 24. Qg3+ Kh8 25. Qxc7 Rb8 26. Bf4 1-0

[Event "HUN Youth Ch U16 Boys Final"]
[Site "?"]
[Date "2013.06.28"]
[Round "8.2"]
[White "Zsirai, Peter"]
[Black "Kiss, Peter"]
[Result "1/2-1/2"]
[WhiteElo "2199"]
[BlackElo "2018"]
[PlyCount "46"]
[EventDate "2013.??.??"]

1. e4 e6 2. d4 d5 3. Nd2 dxe4 4. Nxe4 Nd7 5. Nf3 Ngf6 6. Nxf6+ Nxf6 7. Be3 Bd7
8. Bd3 Bc6 9. Qe2 Nd5 10. Bd2 Nb4 11. Bxb4 Bxb4+ 12. c3 Bd6 13. O-O-O O-O 14.
Kb1 Bxf3 15. gxf3 Qh4 16. Rdg1 g6 17. Rg4 Qf6 18. h4 h5 19. Rg2 Kh8 20. Bc2 c6
21. Qe4 Bf4 22. Rhg1 Rg8 23. a3 Rae8 1/2-1/2

[Event "HUN Youth Ch U16 Boys Final"]
[Site "?"]
[Date "2013.06.28"]
[Round "8.3"]
[White "Csati, Oliver"]
[Black "Nagybiro, Laszlo"]
[Result "1-0"]
[WhiteElo "2016"]
[BlackElo "1841"]
[PlyCount "31"]
[EventDate "2013.??.??"]

1. d4 Nf6 2. c4 g6 3. Nc3 d5 4. cxd5 Nxd5 5. e4 Nxc3 6. bxc3 Bg7 7. Be3 O-O 8.
Nf3 Nd7 9. Be2 c5 10. O-O Qa5 11. Qb3 Re8 12. Rac1 cxd4 13. cxd4 Qb6 14. Bb5 e6
15. Qa4 Qd8 16. Rxc8 1-0

[Event "HUN Youth Ch U16 Boys Final"]
[Site "?"]
[Date "2013.06.28"]
[Round "8.4"]
[White "Dankhazi, Andras"]
[Black "Nemeti, Kornel"]
[Result "1-0"]
[WhiteElo "2186"]
[BlackElo "1997"]
[PlyCount "135"]
[EventDate "2013.??.??"]

1. d4 d5 2. c4 e6 3. Nc3 Nf6 4. Bg5 Be7 5. Nf3 O-O 6. e3 Nbd7 7. Rc1 c6 8. Bd3
dxc4 9. Bxc4 Nd5 10. Bxe7 Qxe7 11. O-O Nxc3 12. bxc3 e5 13. Qc2 exd4 14. cxd4
Nf6 15. Bd3 h6 16. Rb1 Be6 17. a4 Rac8 18. Rfc1 Rfd8 19. a5 Bd5 20. Nd2 Qc7 21.
Qc5 Nd7 22. Qc3 Nf6 23. e4 Be6 24. Nf3 Qd7 25. h3 Nh5 26. Bf1 Nf6 27. Bd3 Nh5
28. Kh2 Nf6 29. Qc5 Ra8 30. Rb4 Qc7+ 31. Qe5 Qxe5+ 32. Nxe5 Nd7 33. Nf3 Rab8
34. Rb2 Nf6 35. Rcb1 Rd7 36. Ne5 Rc7 37. Rc1 Rcc8 38. a6 bxa6 39. Rxb8 Rxb8 40.
Nxc6 Rb2 41. Kg1 Rd2 42. Rc3 Rd1+ 43. Kh2 Rd2 44. Kg3 Bd7 45. Nxa7 Bb5 46. Nxb5
axb5 47. Kf3 g6 48. Rb3 b4 49. Ke3 Rd1 50. Ke2 Rg1 51. g3 Rh1 52. Rxb4 Rxh3 53.
Rb8+ Kg7 54. Kf3 Rh1 55. Rb7 Rc1 56. d5 Rc8 57. Ke3 Ng4+ 58. Ke2 h5 59. f3 Nf6
60. Ke3 g5 61. Kd4 h4 62. gxh4 gxh4 63. e5 Nh5 64. Bf5 Rd8 65. e6 Nf4 66. Rxf7+
Kg8 67. Ke5 Nxd5 68. Rd7 1-0

[Event "HUN Youth Ch U16 Boys Final"]
[Site "?"]
[Date "2013.06.28"]
[Round "8.5"]
[White "Laza, Szabolcs"]
[Black "Csonka, Balazs"]
[Result "0-1"]
[WhiteElo "1968"]
[BlackElo "2354"]
[PlyCount "76"]
[EventDate "2013.??.??"]

1. d4 Nf6 2. c4 c5 3. d5 e6 4. Nc3 exd5 5. cxd5 d6 6. e4 g6 7. h3 Bg7 8. Nf3 a6
9. a4 Nbd7 10. Bd3 Nh5 11. O-O Ne5 12. Nxe5 Bxe5 13. f4 Bg7 14. Qf3 O-O 15. Be3
Rb8 16. Rf2 Qc7 17. Re2 b6 18. g4 Nf6 19. Bf2 c4 20. Bc2 Nd7 21. Bg3 b5 22.
axb5 axb5 23. Qf2 b4 24. Ra7 Qc5 25. Qxc5 Nxc5 26. Na4 Nxa4 27. Rxa4 Bxb2 28.
e5 Bd4+ 29. Kh2 Bd7 30. Ra6 dxe5 31. fxe5 Bb5 32. Rd6 b3 33. Bb1 c3 34. Rg2 Bf1
35. Rc6 Bxg2 36. Kxg2 c2 37. Bxc2 bxc2 38. Rxc2 Rb2 0-1

[Event "HUN Youth Ch U16 Boys Final"]
[Site "?"]
[Date "2013.06.29"]
[Round "9.1"]
[White "Csonka, Balazs"]
[Black "Juhasz, Armin"]
[Result "1/2-1/2"]
[WhiteElo "2354"]
[BlackElo "2214"]
[PlyCount "71"]
[EventDate "2013.??.??"]

1. Nf3 Nf6 2. c4 c5 3. g3 Nc6 4. Bg2 d6 5. O-O g6 6. d4 cxd4 7. Nxd4 Bd7 8. b3
Bg7 9. Bb2 Nxd4 10. Qxd4 Bc6 11. Nc3 Bxg2 12. Kxg2 O-O 13. Rfd1 Qd7 14. Nd5 Ne8
15. Qd2 Bxb2 16. Qxb2 Nc7 17. Kg1 Nxd5 18. Rxd5 Rfc8 19. Rad1 Qc6 20. h4 a6 21.
h5 b5 22. R5d4 bxc4 23. Rxc4 Qb7 24. hxg6 Rxc4 25. gxh7+ Kxh7 26. Qb1+ Re4 27.
f3 f5 28. fxe4 Rg8 29. Qd3 f4 30. Kf2 Rxg3 31. Rh1+ Kg7 32. Qd4+ Kf7 33. Rh7+
Ke6 34. Qc4+ Kd7 35. Qd4 Rg8 36. Qa4+ 1/2-1/2

[Event "HUN Youth Ch U16 Boys Final"]
[Site "?"]
[Date "2013.06.29"]
[Round "9.2"]
[White "Nemeti, Kornel"]
[Black "Laza, Szabolcs"]
[Result "1-0"]
[WhiteElo "1997"]
[BlackElo "1968"]
[PlyCount "135"]
[EventDate "2013.??.??"]

1. e4 c5 2. Nf3 d6 3. c3 Nf6 4. Bc4 Nxe4 5. Qa4+ Nc6 6. Bxf7+ Kxf7 7. Qxe4 g6
8. O-O Bf5 9. Qe2 Bg7 10. d3 Rf8 11. Nbd2 Kg8 12. h3 e5 13. Ne4 Qd7 14. Be3
Rae8 15. Rad1 b5 16. Ng3 Be6 17. a3 a5 18. Ne4 b4 19. axb4 axb4 20. Ra1 Bf5 21.
Ra6 Ra8 22. Rfa1 Rxa6 23. Rxa6 Qb7 24. Ra1 Rd8 25. Bg5 Rd7 26. Qc2 Kf7 27. Qa4
Bxe4 28. dxe4 bxc3 29. bxc3 Bf6 30. Qc4+ Kg7 31. Be3 h6 32. Nd2 Rd8 33. Qa4 Qc7
34. Rb1 Rb8 35. Rxb8 Nxb8 36. Qe8 Qd8 37. Qe6 Qe7 38. Qd5 Qd8 39. Nc4 Be7 40.
f4 Na6 41. fxe5 dxe5 42. Qe6 Nc7 43. Qxe5+ Bf6 44. Qxc5 Bxc3 45. Nd6 Bf6 46.
Qxc7+ Qxc7 47. Ne8+ Kf7 48. Nxc7 g5 49. g4 Kg6 50. Nd5 Be5 51. Kf2 h5 52. Bd2
Bd4+ 53. Ke2 hxg4 54. hxg4 Be5 55. Kd3 Kh6 56. Kc4 Kg6 57. Ne7+ Kf6 58. Nf5 Bb8
59. Kd5 Bc7 60. Bc3+ Kg6 61. e5 Kf7 62. e6+ Ke8 63. Bf6 Bf4 64. Ng7+ Kf8 65.
e7+ Kg8 66. e8=Q+ Kh7 67. Nf5 Be5 68. Qf7# 1-0

[Event "HUN Youth Ch U16 Boys Final"]
[Site "?"]
[Date "2013.06.29"]
[Round "9.3"]
[White "Nagybiro, Laszlo"]
[Black "Dankhazi, Andras"]
[Result "1/2-1/2"]
[WhiteElo "1841"]
[BlackElo "2186"]
[PlyCount "92"]
[EventDate "2013.??.??"]

1. e4 c5 2. c3 Nf6 3. e5 Nd5 4. Nf3 d6 5. d4 cxd4 6. cxd4 Nc6 7. Bc4 Nb6 8. Bb3
dxe5 9. d5 Na5 10. Nc3 Nxb3 11. Qxb3 e6 12. dxe6 Bxe6 13. Qb5+ Nd7 14. Nxe5 a6
15. Qe2 Bb4 16. O-O Nxe5 17. Qxe5 O-O 18. Bg5 Qa5 19. Qxa5 Bxa5 20. a3 f6 21.
Be3 Bc7 22. Rad1 Rfd8 23. Rxd8+ Rxd8 24. Rd1 Rxd1+ 25. Nxd1 Kf7 26. f4 Bd5 27.
Kf2 Ke6 28. Nc3 Bc6 29. h3 b5 30. g3 g6 31. Bc5 h5 32. h4 Kf5 33. b4 Kg4 34.
Ne2 Bf3 35. Nd4 Bd5 36. Be7 f5 37. Bc5 Bd8 38. Nc2 Be4 39. Nd4 Bf6 40. Bb6 Bd5
41. Bc5 Kh3 42. Bb6 Bc4 43. Bc5 Kg4 44. Bb6 Bd5 45. Bc5 Bb7 46. Bb6 Bxd4+
1/2-1/2

[Event "HUN Youth Ch U16 Boys Final"]
[Site "?"]
[Date "2013.06.29"]
[Round "9.4"]
[White "Kiss, Peter"]
[Black "Csati, Oliver"]
[Result "0-1"]
[WhiteElo "2018"]
[BlackElo "2016"]
[PlyCount "82"]
[EventDate "2013.??.??"]

1. e4 g6 2. d4 Bg7 3. Nc3 Nc6 4. Be3 d5 5. e5 Nh6 6. f3 Nf5 7. Bf2 Bh6 8. Nge2
Be3 9. g4 Bxf2+ 10. Kxf2 Ng7 11. Bg2 h5 12. h3 b6 13. Qd2 Ba6 14. a3 Na5 15. b4
Nc4 16. Qd3 e6 17. b5 Bb7 18. a4 Qh4+ 19. Ng3 Kd7 20. Nd1 Raf8 21. Bf1 f5 22.
exf6 Rxf6 23. Be2 Rg8 24. Kg2 Nf5 25. Nf1 e5 26. c3 e4 27. fxe4 Nce3+ 28. Ndxe3
dxe4 29. Qd2 Nxe3+ 30. Qxe3 Rgf8 31. Ng3 Rf2+ 32. Qxf2 Rxf2+ 33. Kxf2 e3+ 34.
Kxe3 Qxg3+ 35. Kd2 Qf4+ 36. Kd3 Be4+ 37. Kc4 Qf7+ 38. d5 Qxd5+ 39. Kb4 Qc5+ 40.
Kb3 Bxh1 41. Bc4 Bd5 0-1

[Event "HUN Youth Ch U16 Boys Final"]
[Site "?"]
[Date "2013.06.29"]
[Round "9.5"]
[White "Grimm, Gyorgy"]
[Black "Zsirai, Peter"]
[Result "1/2-1/2"]
[WhiteElo "2009"]
[BlackElo "2199"]
[PlyCount "58"]
[EventDate "2013.??.??"]

1. e4 c5 2. Nf3 d6 3. Bb5+ Bd7 4. Bxd7+ Qxd7 5. O-O Nc6 6. d4 cxd4 7. Nxd4 Nf6
8. Re1 g6 9. Nxc6 bxc6 10. b3 Bg7 11. Bb2 O-O 12. c4 a5 13. Nc3 Ng4 14. h3 Ne5
15. f4 Qa7+ 16. Kh1 Qf2 17. Ne2 Ng4 18. hxg4 Bxb2 19. Rb1 Ba3 20. Qd3 a4 21.
Rf1 Qh4+ 22. Qh3 Qxh3+ 23. gxh3 axb3 24. axb3 c5 25. Nc3 Bb4 26. Na4 Rfb8 27.
Rf3 Rb7 28. Rd1 Rab8 29. Rdd3 Kg7 1/2-1/2

[Event "HUN Youth Ch U18 Boys Final"]
[Site "?"]
[Date "2013.06.21"]
[Round "1.1"]
[White "Hajas, Tamas"]
[Black "Markos, Adam"]
[Result "0-1"]
[WhiteElo "1960"]
[BlackElo "2073"]
[PlyCount "72"]
[EventDate "2013.??.??"]

1. e4 d6 2. d4 Nf6 3. Nc3 c6 4. f3 Nbd7 5. Be3 b5 6. a3 a6 7. Nge2 Nb6 8. Ng3
Qc7 9. Qd2 e5 10. Rd1 Be7 11. Be2 Be6 12. O-O Nc4 13. Bxc4 Bxc4 14. Rf2 Be6 15.
d5 cxd5 16. exd5 Bd7 17. Nce4 h5 18. Nxf6+ gxf6 19. f4 h4 20. Ne2 Rc8 21. Nc3
Qc4 22. fxe5 fxe5 23. Bg5 Qg4 24. Bxe7 Kxe7 25. Rdf1 f5 26. Nd1 f4 27. Re2 Rcf8
28. Nf2 Qg6 29. Nd3 f3 30. Ref2 fxg2 31. Rxg2 Rxf1+ 32. Kxf1 Bh3 33. Qe3 Qxg2+
34. Ke1 Rf8 35. Kd1 Rf1+ 36. Ne1 Qg4+ 0-1

[Event "HUN Youth Ch U18 Boys Final"]
[Site "?"]
[Date "2013.06.21"]
[Round "1.2"]
[White "Tesik, Csaba"]
[Black "Palla, Akos Botond"]
[Result "1-0"]
[WhiteElo "2351"]
[BlackElo "2049"]
[PlyCount "67"]
[EventDate "2013.??.??"]

1. e4 c5 2. Nf3 d6 3. d4 cxd4 4. Nxd4 Nf6 5. Nc3 g6 6. Be3 Bg7 7. f3 Nc6 8. Qd2
O-O 9. Bc4 Bd7 10. O-O-O Rc8 11. Bb3 Ne5 12. Kb1 Nc4 13. Bxc4 Rxc4 14. g4 Qa5
15. Nb3 Qc7 16. e5 dxe5 17. g5 Be6 18. gxf6 Bxf6 19. Qe2 b5 20. Nd5 Bxd5 21.
Rxd5 Rc8 22. Rc5 Rxc5 23. Nxc5 e4 24. Nxe4 Bg7 25. Rd1 f5 26. Nc5 Qe5 27. Nd3
Qe6 28. f4 Qc4 29. h4 Rc6 30. h5 Ra6 31. a3 Rxa3 32. bxa3 b4 33. axb4 Qc3 34.
Ne5 1-0

[Event "HUN Youth Ch U18 Boys Final"]
[Site "?"]
[Date "2013.06.21"]
[Round "1.3"]
[White "Bodi, Tibor"]
[Black "Kemendi, Daniel"]
[Result "1/2-1/2"]
[WhiteElo "2043"]
[BlackElo "1800"]
[PlyCount "122"]
[EventDate "2013.??.??"]

1. e4 c6 2. d4 d5 3. exd5 cxd5 4. Bd3 Qc7 5. Ne2 Bg4 6. f3 Bh5 7. Bf4 Qb6 8.
Nbc3 e6 9. Nb5 Na6 10. c3 Nf6 11. Qa4 Nd7 12. O-O Bg6 13. Bxg6 hxg6 14. c4 dxc4
15. Qxc4 Be7 16. Bc7 Qc6 17. Rac1 Qxc4 18. Rxc4 O-O 19. Rfc1 Nb6 20. Bxb6 axb6
21. a3 Rfd8 22. Nec3 Rdc8 23. Na4 Rxc4 24. Rxc4 Bd8 25. Nd6 Bc7 26. Nb5 Bd8 27.
Kf2 Kf8 28. Ke3 Ke7 29. b3 Kd7 30. h3 Nb8 31. Nac3 Nc6 32. b4 Ne7 33. Ke4 Rc8
34. Rxc8 Nxc8 35. d5 Nd6+ 36. Nxd6 Kxd6 37. Nb5+ Kd7 38. dxe6+ Kxe6 39. Kd4 Bh4
40. Kc4 Bg3 41. Nd4+ Ke5 42. Ne2 Bf2 43. Kb5 f5 44. a4 g5 45. Kc4 Kd6 46. Nc1
Be3 47. Nd3 Kc6 48. Ne5+ Kd6 49. Nd3 Kc6 50. g4 fxg4 51. hxg4 Kd6 52. Nb2 Ke5
53. Kd3 Bf2 54. Kc4 Bg1 55. Nd3+ Kd6 56. b5 Be3 57. Nb4 Bc5 58. Nd5 Bf2 59. Nc3
Be3 60. Kd3 Bf4 61. Kc4 Be3 1/2-1/2

[Event "HUN Youth Ch U18 Boys Final"]
[Site "?"]
[Date "2013.06.21"]
[Round "1.4"]
[White "Nemeth, Gergely"]
[Black "Horvath, David"]
[Result "0-1"]
[WhiteElo "1987"]
[BlackElo "2371"]
[PlyCount "108"]
[EventDate "2013.??.??"]

1. e4 d6 2. d4 Nf6 3. Nc3 g6 4. f3 Bg7 5. Be3 O-O 6. Qd2 e5 7. d5 Ne8 8. O-O-O
f5 9. Be2 Nf6 10. Nh3 f4 11. Bf2 Bxh3 12. gxh3 a6 13. Nb1 Bh6 14. Bf1 Nbd7 15.
c4 Nh5 16. Nc3 Bg5 17. Kb1 Bh4 18. Bg1 Kh8 19. Na4 b6 20. Nc3 Rf7 21. a3 Rg7
22. Na2 a5 23. Nc1 Nhf6 24. Nd3 Qe7 25. Kc2 h5 26. Bf2 Ng8 27. Bxh4 Qxh4 28.
Qf2 Qxf2+ 29. Nxf2 g5 30. Be2 Nh6 31. Rhg1 Nf7 32. Ra1 Nf8 33. b4 Ng6 34. Kd2
Nh4 35. c5 Nd8 36. Rgc1 Kg8 37. cxd6 cxd6 38. bxa5 Rxa5 39. Rc8 Rd7 40. a4 Kg7
41. Bb5 Nxf3+ 42. Kd3 Rda7 43. Rac1 Nf7 44. R1c7 Rxc7 45. Rxc7 Ra8 46. Rb7 Nxh2
47. Bd7 Kf6 48. Be6 Nd8 49. Rxb6 Ke7 50. Bf5 Rxa4 51. Rb2 g4 52. hxg4 hxg4 53.
Nxg4 Nxg4 54. Bxg4 Rd4+ 0-1

[Event "HUN Youth Ch U18 Boys Final"]
[Site "Balatonlelle"]
[Date "2013.06.21"]
[Round "1.5"]
[White "Amstadt, Aron"]
[Black "Grimm, Daniel"]
[Result "0-1"]
[WhiteElo "2346"]
[BlackElo "2275"]
[PlyCount "88"]
[EventDate "2013.??.??"]

1. Nf3 Nf6 2. c4 c6 3. Nc3 d5 4. e3 e6 5. Qc2 Nbd7 6. b3 Bd6 7. Bb2 Qe7 8. Be2
O-O 9. O-O a6 10. d4 b5 11. e4 Nxe4 12. Nxe4 dxe4 13. Qxe4 Nf6 14. Qh4 bxc4 15.
bxc4 c5 16. dxc5 Bxc5 17. Bd3 Rd8 18. Bxf6 Qxf6 19. Qxh7+ Kf8 20. Rab1 g6 21.
Be4 Ra7 22. Rfe1 Rad7 23. Qh6+ Ke7 24. Bd5 Rh8 25. Qc1 Kf8 26. Be4 Kg7 27. Qb2
Qxb2 28. Rxb2 f5 29. Bc6 Rd6 30. Ba4 Kf6 31. Rd1 Rxd1+ 32. Bxd1 e5 33. Re2 e4
34. Nd2 Rd8 35. Bb3 Bb7 36. Nf1 f4 37. Re1 Ke5 38. Re2 Kf6 39. Bc2 Rd4 40. Bb3
Bc6 41. Re1 a5 42. g3 g5 43. a4 e3 44. fxe3 fxe3 0-1

[Event "HUN Youth Ch U18 Boys Final"]
[Site "?"]
[Date "2013.06.22"]
[Round "2.1"]
[White "Markos, Adam"]
[Black "Grimm, Daniel"]
[Result "1-0"]
[WhiteElo "2073"]
[BlackElo "2275"]
[PlyCount "89"]
[EventDate "2013.??.??"]

1. e4 d5 2. exd5 Qxd5 3. Nc3 Qa5 4. d4 Nf6 5. Nf3 Bf5 6. Bc4 e6 7. O-O Bb4 8.
Ne2 O-O 9. Ng3 Bg6 10. Ne5 Qb6 11. c3 Be7 12. Qe2 c5 13. h4 cxd4 14. h5 d3 15.
Qf3 Nxh5 16. Nxh5 Qc7 17. Bf4 Bd6 18. Nxg6 fxg6 19. Bxd6 Qxd6 20. Qxb7 Nd7 21.
Ng3 Nc5 22. Qb4 a5 23. Qa3 d2 24. Bxe6+ Kh8 25. c4 Qd4 26. Bd5 Rab8 27. Qc3
Qxc3 28. bxc3 Rfe8 29. Rfd1 Rb2 30. Kf1 a4 31. f3 Re3 32. Ne4 Nxe4 33. fxe4 g5
34. c5 Rxc3 35. c6 Rbc2 36. Ke2 Rc1 37. Rb1 h5 38. Rb2 Rg3 39. e5 Rc5 40. Rbxd2
Rxd5 41. Rxd5 Rxg2+ 42. Kf3 Rb2 43. c7 g4+ 44. Kf4 Rb4+ 45. Kg5 1-0

[Event "HUN Youth Ch U18 Boys Final"]
[Site "Balatonlelle"]
[Date "2013.06.23"]
[Round "2.2"]
[White "Horvath, David"]
[Black "Amstadt, Aron"]
[Result "1/2-1/2"]
[WhiteElo "2371"]
[BlackElo "2346"]
[PlyCount "70"]
[EventDate "2013.??.??"]

1. c4 c5 2. Nf3 Nc6 3. Nc3 g6 4. e3 Bg7 5. d4 d6 6. h3 Nf6 7. Be2 O-O 8. O-O e5
9. d5 Ne7 10. Nd2 h6 11. a3 Nh7 12. e4 f5 13. b4 b6 14. Rb1 Nf6 15. exf5 gxf5
16. f4 exf4 17. Bd3 Ng6 18. Nf3 Nh5 19. Ne2 Be5 20. Bd2 Rf7 21. Qc2 Qf6 22.
bxc5 bxc5 23. Rb5 Rg7 24. Be1 Ba1 25. Nc3 Ng3 26. Rf2 Re7 27. Bd2 Rb7 28. Rxb7
Bxb7 29. Qc1 Bxc3 30. Bxc3 Qf7 31. Nh4 Re8 32. Nxg6 Qxg6 33. Qxf4 Bc8 34. Kh2
Ne4 35. Rf3 Qg5 1/2-1/2

[Event "HUN Youth Ch U18 Boys Final"]
[Site "?"]
[Date "2013.06.22"]
[Round "2.3"]
[White "Kemendi, Daniel"]
[Black "Nemeth, Gergely"]
[Result "0-1"]
[WhiteElo "1800"]
[BlackElo "1987"]
[PlyCount "120"]
[EventDate "2013.??.??"]

1. c4 e5 2. g3 Nc6 3. Bg2 g6 4. Nc3 Bg7 5. d3 Nf6 6. e4 O-O 7. Nge2 d6 8. O-O
Bg4 9. f3 Be6 10. Be3 Ne7 11. Nd5 c6 12. Nxe7+ Qxe7 13. Rb1 d5 14. Qc1 dxc4 15.
dxc4 Rfd8 16. b3 b6 17. Qc2 Rd7 18. c5 b5 19. a3 Ne8 20. Rfd1 Rad8 21. Kh1 Nc7
22. f4 f6 23. Nc3 Bg4 24. Rd6 Rxd6 25. cxd6 Qxd6 26. h3 Qd3 27. Qc1 Be6 28. Rb2
Qd7 29. fxe5 fxe5 30. Rd2 Qc8 31. Rxd8+ Qxd8 32. Bxa7 Bxb3 33. Bb6 Qd7 34. Bxc7
Qxc7 35. Nxb5 Qd7 36. Nc3 Qd3 37. Kh2 Bf8 38. Bf1 Qc2+ 39. Qxc2 Bxc2 40. Bc4+
Kg7 41. a4 Bb4 42. Na2 Ba5 43. Nc1 Bxa4 44. Nb3 Bb6 45. Kg2 Bd4 46. Kf3 c5 47.
Ke2 Bd7 48. g4 Kf6 49. Kf3 Be6 50. Bd5 Bd7 51. Bc4 Ke7 52. Nd2 Be6 53. Bd5 h6
54. Bb7 c4 55. Ke2 c3 56. Nf3 Bc4+ 57. Kd1 Bb3+ 58. Ke2 c2 59. Nxd4 c1=Q 60.
Nxb3 Qc4+ 0-1

[Event "HUN Youth Ch U18 Boys Final"]
[Site "?"]
[Date "2013.06.22"]
[Round "2.4"]
[White "Palla, Akos Botond"]
[Black "Bodi, Tibor"]
[Result "0-1"]
[WhiteElo "2049"]
[BlackElo "2043"]
[PlyCount "80"]
[EventDate "2013.??.??"]

1. e4 Nf6 2. e5 Nd5 3. c4 Nb6 4. d4 d6 5. exd6 cxd6 6. Nc3 g6 7. Be3 Bg7 8. Rc1
O-O 9. b3 Bf5 10. Be2 e5 11. dxe5 dxe5 12. Qxd8 Rxd8 13. c5 N6d7 14. Nf3 Nc6
15. O-O Nd4 16. Bxd4 exd4 17. Nb5 d3 18. Bd1 d2 19. Nxd2 Bb2 20. Rc4 Bd3 21.
Bf3 Bxf1 22. Nxf1 Ne5 23. Rf4 Nxf3+ 24. Rxf3 Be5 25. g3 a6 26. Nc3 Bd4 27. Na4
Rac8 28. b4 Rc6 29. Rb3 Rf6 30. Ne3 Re8 31. Ng4 Rfe6 32. Rd3 Bg7 33. Nb6 Re4
34. Ne3 Rxb4 35. Rd7 Bd4 36. Nbd5 Rb1+ 37. Kg2 Rb2 38. Kf3 Bxe3 39. Nf6+ Kf8
40. Nxe8 Kxe8 0-1